000 00554 a2200157 4500
020 _a0201604787
040 _aDLC
082 0 0 _a005.1/5
100 1 _aWhite, Brian A.
245 1 0 _aSoftware configuration management strategies and Rational ClearCase : a practical introduction
_ba practical introduction
_cBrian A. White.
260 _aBoston, MA :
_bAddison-Wesley,
_c2000.
300 _axxiv, 305 p. :
_bill. ;
_c24 cm.
440 0 _aAddison-Wesley object technology series
650 0 _aSoftware configuration management.
942 _cBK
_k05.15 WHI
_2ddc
999 _c6037
_d6037